In which modern-day country did this person die? - Statistics

General Stats
  • This quiz has been taken 31 times
  • The average score is 11 of 15
Answer Stats
Hint Answer % Correct
Adolf Hitler Germany (Berlin)
100%
Julius Caesar Italy (Rome)
96%
Princess Diana of Wales France (Paris)
93%
Mikhail Gorbachev Russia (Moscow)
93%
Nelson Mandela South Africa (Mvezo)
93%
Pope Franciscus Vatican City (Vatican City)
93%
Napoleon Bonaparte Saint-Helena, Ascension and Tristan da Cunha (Longwood)
89%
Queen Elizabeth II United Kingdom (London)
89%
John F. Kennedy United States (Dallas)
89%
Genghis Khan China (Yinchuan)
81%
Johan Cruyff Spain (Barcelona)
78%
Antoni van Leeuwenhoek Netherlands (Delft)
59%
Charlie Chaplin Switzerland (Manoir de Ban)
26%
Avicii Oman (Muscat)
19%
Kelvin Kiptum Kenya (Kaptagat)
15%
No matching quizzes found
Score Distribution
Percent of People with Each Score
Percentile by Number Answered
Your Score History
You have not taken this quiz